Statistics for Albums Of 1973

Click here to take the quiz!

General Stats

  • This quiz has been taken 38 times
  • The average score is 12 of 20

Answer Stats

Album Artist % Correct
Dark Side Of The MoonPink Floyd
100%
QuadropheniaThe Who
89%
Houses Of The HolyLed Zeppelin
86%
DesperadoThe Eagles
80%
The JokerSteve Miller Band
77%
Goat's Head SoupThe Rolling Stones
74%
Don't Shoot Me I'm Only The Piano PlayerElton John
71%
Greetings From Asbury Park NJBruce Springsteen and the E Street Band
69%
Aladdin SaneDavid Bowie
63%
Let's Get It OnMarvin Gaye
63%
Killing Me SoftlyRoberta Flack
60%
Tubular BellsMike Oldfield
54%
There Goes Rhymin' S____Paul Simon
51%
InnervisionsStevie Wonder
46%
Billion Dollar BabiesAlice Cooper
46%
Selling England By The PoundGenesis
43%
Tres HombresZZ Top
43%
Brain Salad SurgeryEmerson Lake & Palmer
37%
The Smoker You Drink, The Player You GetJoe Walsh
34%
BloodshotThe J Geils Band
3%

Score Distribution

Percentile by Number Answered

Percent of People with Each Score

Your Score History

You have not taken this quiz